Návrh opatrení na reguláciu počtu učiteľov vysokých škôl v závislosti na výkonoch vysokých škôl vo výchovno-vzdelávacej činnosti RŠ I - 06/01. RŠ I - 06/01

Enregistré dans:
Détails bibliographiques
Format: Livre
Langue:slovaque
Publié: Bratislava VŠE 1987
Édition:1. vyd.
Tags: Ajouter un tag
Pas de tags, Soyez le premier à ajouter un tag!

MARC

LEADER 00000nam a2200000 4500
001 c025459
005 20221219094815.5
041 0 |a slo 
044 |a SK 
245 1 0 |a Návrh opatrení na reguláciu počtu učiteľov vysokých škôl v závislosti na výkonoch vysokých škôl vo výchovno-vzdelávacej činnosti  |b RŠ I - 06/01. RŠ I - 06/01 
250 |a 1. vyd. 
264 1 |a Bratislava  |b VŠE  |c 1987 
300 |a 43 s.